| 000 | 02204 a2200301 4500 | ||
|---|---|---|---|
| 003 | Nust | ||
| 005 | 20170207165829.0 | ||
| 020 | _a9780470714164 | ||
| 020 | _a9780470714164 | ||
| 035 | _a(AU-PeEL)EBL366836 | ||
| 035 | _a(OCoLC)476202012 | ||
| 040 | _cNust | ||
| 082 | 0 | 0 | _a384.3 |
| 100 | 1 | _aIwacz, Grzegorz. | |
| 245 | 1 | 0 |
_aMultimedia Broadcasting and Multicasting in Mobile Networks E-Book _h[Elektronisk resurs]. |
| 260 |
_aHoboken : _bJohn Wiley & Sons, Ltd., _c2009. |
||
| 300 | _a1 online resource (213 p.) | ||
| 500 | _aDescription based upon print version of record. | ||
| 505 | 0 | _aMultimedia Broadcasting and Multicasting in Mobile Networks; Contents; About the Authors; Abbreviations and Acronyms; List of Figures; List of Tables; 1 Introduction; 2 Multicast; | |
| 520 | _aIntroducing mobile multimedia - the technologies, digital rights management and everything else you need to know for delivering cost efficient multimedia to mobile terminals Efficiency and cost effectiveness within multimedia delivery is fast becoming a hot topic in wireless communications, with mobile operators competing to offer inexpensive, reliable services. The selection of an appropriate technology and matching it with the offered mix of services will be essential to achieve the market success. Multimedia Broadcasting and Multicasting in Mobile Networks discusses multimedia services, i | ||
| 650 | 4 | _aMultimedia communications. | |
| 655 | 0 | _aElectronic books. | |
| 700 | 1 | _aJajszczyk, Andrzej. | |
| 700 | 1 | _aZajaczkowski, Michal. | |
| 856 | 4 | 2 |
_3John Wiley _uhttp://dx.doi.org/10.1002/9780470714157 |
| 856 | 4 | 2 | _uhttp://link.sub.su.se/sfxsub?url_ver=Z39.88-2004&ctx_ver=Z39.88-2004&ctx_enc=info:ofi/enc:UTF-8&rfr_id=info:sid/sfxit.com:opac_856&url_ctx_fmt=info:ofi/fmt:kev:mtx:ctx&sfx.ignore_date_threshold=1&rft.object_id=1000000000552365&svc_val_fmt=info:ofi/fmt:kev:mtx:sch_svc& |
| 856 | 4 | 2 | _uhttp://sfxeu10.hosted.exlibrisgroup.com/sfxkth?url_ver=Z39.88-2004&ctx_ver=Z39.88-2004&ctx_enc=info:ofi/enc:UTF-8&rfr_id=info:sid/sfxit.com:opac_856&url_ctx_fmt=info:ofi/fmt:kev:mtx:ctx&sfx.ignore_date_threshold=1&rft.object_id=1000000000552365&svc_val_fmt=info:ofi/fmt:kev:mtx:sch_svc& |
| 942 |
_2ddc _cBK |
||
| 999 |
_c213216 _d213216 |
||